Sports Quiz

Random Sports or Rugby Quiz

Position on the rugby Quiz Stats

 Plays Quiz not verified by Sporcle

Support Sporcle.
Go Orange.
Score 0/15 Timer 04:00
0 Plays Today
% Correct
hooker
96.1%
loosehead prop
95.1%
tighthead prop
95.1%
scrum half
92.2%
blindside flanker
88.2%
fullback
88.2%
openside flanker
87.3%
flyhalf
87.3%
% Correct
right wing
77.5%
left wing
77.5%
number 8
74.5%
lock
71.6%
lock
71.6%
outside center
63.7%
inside center
63.7%

You're not logged in!

Compare scores with friends on all Sporcle quizzes.
OR
Log In

From the Vault

Climb Quiz Mountain II

by bhenderson79

Quiz Mountain is a bit like Splash Mountain, just a little less soggy.
Remove Ads.
Support Sporcle.
Get the best of Sporcle when you Go Orange. This ad-free experience offers more features, more stats, and more fun while also helping to support Sporcle. Thank you for becoming a member.

Show Comments

Extras

Created Feb 17, 2011ReportNominate
Tags:Rugby Quiz

Top Quizzes Today


Score Distribution

Your Account Isn't Verified!

In order to create a playlist on Sporcle, you need to verify the email address you used during registration. Go to your Sporcle Settings to finish the process.

Report this User

Report this user for behavior that violates our Community Guidelines.

Details: